Proportionnalité... et bon sens - Statistiques

Statistiques générales
  • Ce quiz a été pris 65 fois
  • Le résultat moyen est 4 sur 8
Statistiques - réponses
Question Réponse % Correct
Un orchestre symphonique de 30 musiciens met une demi-heure à jouer la cinquième symphonie de Beethoven. Combien de temps faudra-t-il à un orchestre de 60 musiciens pour jouer cette même symphonie ? Une demi-heure
79%
Le cinq janvier, cinq croissants au beurre coûtent cinq euros. Le dix février, combien coûteront dix croissants au beurre ? Dix euros
78%
Trois ogres affamés mangent trois gâteaux en trois minutes. Combien de temps faudra-t-il à six ogres affamés pour manger six gâteaux ? Trois minutes
74%
Sur son étang, la fée Viviane lance une culture de nénufars. Chaque jour, la surface de l'étang recouverte par des nénufars double. Au bout de quatre jours, elle a déjà recouvert 1/3 de son étang. Combien de temps faudra-t-il encore avant que l'étang ne soit entièrement recouvert ? Deux jours
66%
Dix cordonniers réparent dix chaussures en dix minutes. Combien de chaussures vingt cordonniers peuvent-ils réparer en vingt minutes ? Quarante chaussures
57%
Si sept nains peuvent cueillir douze pommes en trois heures, combien d'heures faudra-t-il à dix nains et demi (le onzième travaille à temps partiel) pour cueillir quinze pommes ? Deux heures et demie
28%
Trois fées mettent trois heures à remplir de rosée une vasque hémisphérique de trente centimètres de diamètre. Combien de temps faut-il à six fées pour remplir de rosée une vasque de soixante centimètres de diamètre ? Douze heures
19%
Antoine veut cuire six œufs à la coque, mais il n'a qu'une seule casserole ; cela lui prend six minutes. Élise a six casseroles et autant de plaques de cuisson, combien de temps lui faudra-t-il pour cuire six œufs à la coque ? Trois minutes
12%
Aucun quiz correspondant
Distribution des résultats
% des personnes avec chaque résultat
Percentile par nombre de réponses
Votre historique - résultats
Vous n’avez pas pris ce quiz